000 01098nas a2200253Ia 4500
001 R452/85434
003 IT-RoPAU
008 151124c99999999xx |||||||||||| ||und||
040 _aIT-RoPAU
040 _cIT-RoPAU
041 _aITALIANO
100 _aMolari Carlo
_gCodice Aut. SPICS: 3671
210 _aVITA PASTORALE
222 _aVita Pastorale
245 _aVITA PASTORALE, ANNO 78-N.03 (MARZO 1990)
_bSegni di Eternita' Nella Caducita' Della Storia (I)-L'Escatologia, Ovvero Le "Ultime Cose"
250 _a1a ed.
260 _aMILANO
_bSOCIETA' S. PAOLO GRUPPO PERIOD.
_c1990
501 _bPaulus - SPICS - Società San Paolo EM (non-commercial uses only)
_cCopyright2015
300 _a4 p. [109-113]
362 _aANNO 078, N.03 (MARZO 1990)
500 _aSituazione Attuale della Escatologia e Suo Nuovo Linguaggio. Problema del Rapporto tra Impegno dell'Uomo nel Mondo e Attesa del Regno. Educare Alla Speranza e Saper Cogliere i Segni di Eternità nella Storia dell'Uomo. Aspetto Storico e Intramondano della
650 _aPASTORALE
_vPUBBLICAZIONE PERIODICA
942 _cCR
999 _c178133
_d178133